Music Quiz

Random Music or Bands Quiz

Beatles Consonants Quiz Stats

 Plays Quiz Updated Jun 26, 2018

Challenge
Share
Tweet
Embed
Score 0/11 Timer 00:30
1 Play Today
% Correct
???
94.7%
???
92.8%
???
89.3%
???
89.1%
???
87.3%
???
87%
???
84.4%
???
82.8%
???
79.4%
???
79.1%
???
74.4%

You're not logged in!

Compare scores with friends on all Sporcle quizzes.
Join for Free
OR
Log In

You Might Also Like...

Show Comments

Extras

Top Quizzes Today


Score Distribution

Your Account Isn't Verified!

In order to create a playlist on Sporcle, you need to verify the email address you used during registration. Go to your Sporcle Settings to finish the process.

Report this User

Report this user for behavior that violates our Community Guidelines.

Details: